| 000 | 00397nam a2200145Ia 4500 | ||
|---|---|---|---|
| 008 | 230917s9999||||xx |||||||||||||| ||und|| | ||
| 040 |
_e53524 _aMAIN |
||
| 041 | _aEnglish | ||
| 082 | _aB R137C:P | ||
| 100 | _aChatterjee, Bimanesh | ||
| 245 | 0 | _aPresident predicament: Rajendra Prasad remembered | |
| 260 |
_aNew Delhi _bAffiliated East-West Press _c1974 |
||
| 300 | _aiv, 119 p. | ||
| 942 | _cBK | ||
| 999 |
_c180441 _d180441 |
||